शब्दों का अध्ययन / (Record no. 120955)

MARC details
000 -LEADER
fixed length control field 01078nam a22002657a 4500
005 - DATE AND TIME OF LATEST TRANSACTION
control field 20170124103205.0
010 ## - LIBRARY OF CONGRESS CONTROL NUMBER
LC control number 533790
020 ## - INTERNATIONAL STANDARD BOOK NUMBER
Terms of availability 8.00
035 ## - SYSTEM CONTROL NUMBER
System control number 533790
037 ## - SOURCE OF ACQUISITION
Source of stock number/acquisition Cen Lib/Ret
040 ## - CATALOGING SOURCE
Original cataloging agency DPL
Language of cataloging HN
082 ## - DEWEY DECIMAL CLASSIFICATION NUMBER
Classification number 420
Item number तिवारी
100 ## - MAIN ENTRY--PERSONAL NAME
Personal name तिवारी, भोलानाथ
9 (RLIN) 93568
245 ## - TITLE STATEMENT
Title शब्दों का अध्ययन /
Statement of responsibility, etc भोलानाथ तिवारी
246 ## - VARYING FORM OF TITLE
Title proper/short title Shbdon ka adhyayan /
Remainder of title by Bholanath Tiwari
260 ## - PUBLICATION, DISTRIBUTION, ETC. (IMPRINT)
Place of publication, distribution, etc दिल्ली
Name of publisher, distributor, etc शब्दकार
Date of publication, distribution, etc 1969
270 ## - ADDRESS
City दिल्ली
Address 2203, गली डकोतन, तुर्कमान गेट
Postal code 110006
300 ## - PHYSICAL DESCRIPTION
Extent 239पृ.
Dimensions 21सेमी.(सजिल्द)
500 ## - GENERAL NOTE
General note परिशिष्ट शामिल
650 ## - SUBJECT ADDED ENTRY--TOPICAL TERM
Topical term or geographic name as entry element हिन्दी भाषा
9 (RLIN) 93569
650 ## - SUBJECT ADDED ENTRY--TOPICAL TERM
Topical term or geographic name as entry element हिन्दी भाषा का विकास
9 (RLIN) 54158
650 ## - SUBJECT ADDED ENTRY--TOPICAL TERM
Topical term or geographic name as entry element Hindi Language
9 (RLIN) 9446
650 ## - SUBJECT ADDED ENTRY--TOPICAL TERM
Topical term or geographic name as entry element Development of Hindi Language
9 (RLIN) 93570
942 ## - ADDED ENTRY ELEMENTS (KOHA)
Source of classification or shelving scheme Dewey Decimal Classification
Koha item type Hindi Books
Classification part 420
Call number suffix तिवारी
Holdings
Withdrawn status Lost status Damaged status Not for loan Home library Current library Date acquired Source of acquisition Cost, normal purchase price Total Checkouts Full call number Barcode Date last seen Copy number Cost, replacement price Price effective from Koha item type
        Central Library Central Library 29/09/2015 Cen Lib/Ret 8.00   420 तिवारी 533790 29/09/2015 1 8.00 29/09/2015 Hindi Books

© Delhi Public Library
Hit Counter
free hit counter